Numéros des départements de la région Ile-de-France - Statistiques

Statistiques générales
  • Ce quiz a été pris 579 fois
  • Le résultat moyen est 8 sur 8
Statistiques - réponses
Département Numéro % Correct
Seine-Saint-Denis 93
97%
Paris 75
96%
Essone 91
96%
Hauts-de-Seine 92
96%
Val de Marne 94
96%
Val d'Oise 95
95%
Seine-et-Marne 77
93%
Yvelines 78
90%
Aucun quiz correspondant
Distribution des résultats
% des personnes avec chaque résultat
Percentile par nombre de réponses
Votre historique - résultats
Vous n’avez pas pris ce quiz